|
|
|
|
| LEADER |
01510nam a2200289 a 4500 |
| 001 |
GR-MES17160 |
| 008 |
150515s2011 gr gz 000 0 gre d |
| 040 |
|
|
|a GrPaTEI
|b gre
|c GR-PaULI
|
| 040 |
|
|
|a GrPaTEI
|b gre
|c GR-PaULI
|
| 100 |
1 |
|
|a Ανδρεόπουλος, Ιωάννης
|
| 245 |
1 |
0 |
|a Αποτίμηση απογραφής /
|c Σπουδαστές: Ιωάννης Ανδρεόπουλος,Κωνσταντίνος Καραγιάννης,Αθανάσιος Νύχτης ; Επιβλέπων:Βασίλειος Αρτίκος.
|
| 260 |
|
|
|a Μεσολόγγι :
|b ΤΕΙ Δυτικής Ελλάδας,
|c 2011
|
| 300 |
|
|
|a 163σ. :
|b εικ.,σχημ.
|
| 504 |
|
|
|a βιβλιογραφία:σ.161
|
| 650 |
|
4 |
|a Περιουσία
|x απογραφή
|x ισολογισμοί
|
| 650 |
|
4 |
|a Πτυχιακή εργασια
|y 2011
|
| 650 |
|
4 |
|a Χρηματοοικονομική λογιστική
|
| 700 |
1 |
|
|a Αρτίκος, Βασίλειος
|
| 700 |
1 |
|
|a Καραγιάννης, Κωνσταντίνος
|
| 700 |
1 |
|
|a Νύχτης, Αθανάσιος
|
| 710 |
0 |
|
|a ΤΕΙ Δυτικής Ελλάδας
|
| 710 |
2 |
|
|a Σ.Δ.Ο. Τμήμα Λογιστικής
|
| 856 |
4 |
0 |
|u https://nereus.library.upatras.gr/formermes//ptyxiakes/sdo/sdo_log/2011-2015/554pe.pdf
|
| 942 |
|
|
|2 ddc
|
| 952 |
|
|
|0 0
|1 0
|2 ddc
|4 0
|7 0
|9 275253
|a MSLG
|b MSLG
|c BSC
|d 2021-01-17
|e 24
|f 0
|g 0.00
|l 0
|p 24200554
|r 2021-01-17 00:00:00
|t 1
|w 2021-01-17
|y BK15
|x 20150515 0 K.G. 1
|x GrPaTEI
|
| 971 |
|
|
|a .b25832098
|b 15-04-20
|c 13-09-16
|
| 999 |
|
|
|c 159437
|d 159437
|